00702nam a2200193 i 4500001000300000100002400003245016700027250001100194260002100205700002900226700002500255040000800280041000800288942000700296008004100303999001700344856009800361952004900459bg1 aSZAFER, Władysław 0aRośliny polskie :bopisy i klucze do oznaczania wszystkich gatunków roślin naczyniowych /cWładysław Szafer, Stanisław Kulczyński, Bogumił Pawłowski. aWyd.4. aWarszawa,c1976.1 aKULCZYŃSKI, Stanisław1 aPAWŁOWSKI, Bogumił cBPK apol cKS s pl f |000 0 pol  c16863d16863 uhttp://koha.tu.koszalin.pl/cgi-bin/koha/opac-detail.pl?biblionumber=16863yKatalog online BPK 00104070aBPKbBPKcwo21082p01396782yKS